[Event "Druzynowe Mistrzostwa Polski - II liga"]
[Site "Sypniewo k. Jastrowia"]
[Date "1899-12-30"]
[Round "7.65"]
[White "Kaim, Piotr"]
[Black "Paprocki, Artur"]
[Result "1-0"]
[WhiteTitle "m"]
[BlackTitle "I"]
[WhiteElo "2166"]
[BlackElo "1842"]

1. e4 g6 2. d4 Bg7 3. Nf3 c6 4. Bd3 d5 5. exd5 cxd5 6. c3 Bg4 7. Nbd2 Nf6 8. h3
Bxf3 9. Nxf3 O-O 10. O-O Nc6 11. Bf4 e6 12. Re1 Rc8 13. Qd2 Re8 14. Re2 a6 15.
Ne5 Nd7 16. Ng4 Qe7 17. Rae1 h5 18. Ne3 Qf8 19. Bg5 Nf6 20. Nf1 Na5 21. Qe3 Nc4
22. Qf3 Nh7 23. Bf4 Red8 24. g4 hxg4 25. hxg4 Qe7 26. Qg3 Bf6 27. g5 Bg7 28. Nh2
Nd6 29. Bxg6 Nf8 30. Bd3 Qd7 31. Ng4 Nf5 32. Bxf5 exf5 33. Nf6+ Bxf6 34. gxf6+
Ng6 35. Re7 Qb5 36. Rxf7 1-0

[Event "Druzynowe Mistrzostwa Polski - II liga"]
[Site "Sypniewo k. Jastrowia"]
[Date "1899-12-30"]
[Round "7.66"]
[White "Korosciel, Aneta"]
[Black "Bednarska-bzdega, Malgorzata"]
[Result "1/2-1/2"]
[WhiteTitle "m"]
[BlackTitle "WFM"]
[WhiteElo "1966"]
[BlackElo "1946"]

1. d4 Nf6 2. Nf3 g6 3. Bf4 Bg7 4. e3 d6 5. h3 O-O 6. Be2 c5 7. c3 cxd4 8. exd4
Nc6 9. O-O Nd5 10. Bg3 e5 11. dxe5 dxe5 12. Bc4 Nb6 13. Bb3 Bf5 14. Nbd2 h6 15.
Re1 Qe7 16. Qe2 Rad8 17. Ne4 Rfe8 18. Rad1 1/2-1/2

[Event "Druzynowe Mistrzostwa Polski - II liga"]
[Site "Sypniewo k. Jastrowia"]
[Date "1899-12-30"]
[Round "7.67"]
[White "Chomczyk, Marek"]
[Black "Borgula, Rafal"]
[Result "1-0"]
[WhiteTitle "k++"]
[BlackTitle "FM"]
[WhiteElo "2260"]
[BlackElo "2223"]

1. e4 e6 2. d4 d5 3. Nc3 dxe4 4. Nxe4 Bd7 5. Nf3 Bc6 6. Bd3 Nd7 7. c3 Ngf6 8. Nxf6+
Nxf6 9. Bf4 Bxf3 10. Qxf3 c6 11. O-O Be7 12. Bc2 O-O 13. Rfe1 g6 14. Re5 Nd7 15.
Re2 Bg5 16. Bd6 Re8 17. h3 Be7 18. Bf4 Bg5 19. Bh2 Bf6 20. Rae1 Bg7 21. Bb3 Nb6
22. Bf4 Nd5 23. Bc1 Qd7 24. h4 h5 25. Bg5 b5 26. Re4 Qd6 27. R4e2 Qf8 28. Qd3
a6 29. a4 Qd6 30. g3 Kf8 31. Qf3 Kg8 32. g4 hxg4 33. Qxg4 e5 34. h5 gxh5 35. Qxh5
Re6 36. Bc2 Kf8 37. dxe5 Qc7 38. f4 Qb6+ 39. Kh1 bxa4 40. f5 1-0

[Event "Druzynowe Mistrzostwa Polski - II liga"]
[Site "Sypniewo k. Jastrowia"]
[Date "1899-12-30"]
[Round "7.68"]
[White "Paprocki, Jaroslaw"]
[Black "Budnik, Mateusz"]
[Result "1-0"]
[WhiteTitle "k++"]
[BlackTitle "k"]
[WhiteElo "2186"]
[BlackElo "2008"]

1. c4 e5 2. Nc3 Nf6 3. e4 Nc6 4. g3 Bc5 5. h3 d6 6. d3 Bd7 7. Bg2 a6 8. Be3 Bxe3
9. fxe3 Ne7 10. Nf3 c6 11. Nh4 Qb6 12. Qd2 O-O-O 13. O-O Be6 14. Na4 Qa7 15. b4
b5 16. cxb5 axb5 17. Nc3 Qa3 18. Nf5 Bxf5 19. exf5 Qxb4 20. a4 Nfd5 21. Rfc1 Nxc3
22. Rxc3 d5 23. Qc2 Qa5 24. Rxc6+ Nxc6 25. Qxc6+ Qc7 26. Qa8+ Kd7 27. Qxd5+ Ke7
28. Qxb5 Rb8 29. Qc4 Rhc8 30. Qh4+ Kf8 31. Qxh7 Rb2 32. Qh8+ Ke7 33. Qh4+ Ke8
34. Qe4 Qd6 35. Kh2 Rcc2 36. Rg1 Kf8 37. h4 Rd2 38. Kh3 Rb4 39. Qa8+ Rb8 40. Qa7
Qb6 41. Qxb6 Rxb6 42. Rc1 Rxd3 43. a5 Rbb3 44. a6 Ra3 45. Rc8+ Ke7 46. Rc7+ Rd7
47. Rxd7+ Kxd7 48. Bb7 Ke7 49. e4 Kf6 50. Kg2 g5 51. h5 g4 52. h6 Ra2+ 53. Kf1
Ra1+ 54. Ke2 Ra3 55. Kd1 Ra2 56. Kc1 Kg5 57. Kb1 Ra5 58. h7 f6 59. Kb2 Ra4 60.
Kb3 Ra1 61. Kc4 Ra2 62. Kd5 Ra5+ 63. Kd6 Ra1 64. h8=Q Rxa6+ 65. Ke7 Re6+ 66. fxe6
1-0

[Event "Druzynowe Mistrzostwa Polski - II liga"]
[Site "Sypniewo k. Jastrowia"]
[Date "1899-12-30"]
[Round "7.69"]
[White "Celinski, Kamil"]
[Black "Zebracki, Tomasz"]
[Result "1/2-1/2"]
[WhiteTitle "I++"]
[BlackTitle "k+"]
[WhiteElo "2025"]
[BlackElo "2223"]

1. e4 c6 2. Nc3 d5 3. Nf3 Bg4 4. h3 Bxf3 5. Qxf3 e6 6. d4 Nf6 7. exd5 cxd5 8. Bd3
Nc6 9. Ne2 h6 10. c3 Bd6 11. Bf4 Bxf4 12. Nxf4 O-O 13. O-O Rb8 14. a4 Qc7 15.
Nh5 Nxh5 16. Qxh5 a6 17. f4 Ne7 18. Rae1 b5 19. axb5 axb5 20. Qe2 b4 21. f5 Nxf5
22. Bxf5 exf5 23. Qe5 Qc4 24. Rxf5 bxc3 25. bxc3 Qxc3 26. Ref1 Rbd8 27. R5f3 Qc4
28. Rg3 f6 29. Rxf6 Qc1+ 30. Kh2 Rxf6 31. Qxf6 Qc7 32. Qe6+ Kh8 33. Qe3 Rb8 34.
Qf3 Qd6 35. Qf7 Rg8 36. Qg6 Qc7 37. Qd3 Re8 38. Qf3 Qd6 39. Qf7 Re7 40. Qf8+ Kh7
41. Qf5+ g6 42. Qd3 h5 43. Qa3 Qc7 44. Qc5 Qxc5 45. dxc5 Rc7 46. Rc3 Kg7 47. Kg3
Kf6 48. Kf4 g5+ 49. Ke3 Ke5 50. Kd3 Ra7 51. Rc2 Ra3+ 52. Rc3 Ra7 53. Rc2 Ra3+
54. Rc3 Ra8 55. Rc2 Ra3+ 1/2-1/2

[Event "Druzynowe Mistrzostwa Polski - II liga"]
[Site "Sypniewo k. Jastrowia"]
[Date "1899-12-30"]
[Round "7.70"]
[White "Wolanski, Michal"]
[Black "Kaminski, Jan"]
[Result "0-1"]
[WhiteTitle "I++"]
[BlackTitle "I++"]
[WhiteElo "2029"]
[BlackElo "1955"]

1. c4 e5 2. g3 h5 3. Bg2 Bc5 4. Nc3 d6 5. h3 Nc6 6. e3 Nge7 7. Nge2 Bf5 8. d4 exd4
9. Nxd4 Bd7 10. a3 a5 11. b3 Nf5 12. Ndb5 h4 13. g4 Nfe7 14. Bb2 O-O 15. Ne4 Bb6
16. Qc2 Ng6 17. Qc3 f6 18. g5 Bf5 19. gxf6 Bxe4 20. Bxe4 Rxf6 21. Rg1 Nce7 22.
O-O-O Qf8 23. Rg4 Ne5 24. Rxh4 Rxf2 25. Nd4 Qf6 26. Rg4 Nxg4 27. hxg4 Bxd4 28.
Qxd4 Qxd4 29. Bxd4 Raf8 30. Rg1 Rf1+ 31. Rxf1 Rxf1+ 32. Kd2 b6 33. b4 axb4 34.
axb4 Rg1 35. Bf3 Rb1 36. Bc3 Rg1 37. Kd3 Kf7 38. Bd4 c5 39. bxc5 bxc5 40. Bc3
g5 41. Ba5 Ke6 42. Bd8 Kd7 43. Ba5 Nc6 44. Bc3 Nb4+ 45. Kd2 Ke6 46. Bb2 d5 47.
cxd5+ Nxd5 48. Ba3 c4 49. Bb2 c3+ 50. Bxc3 Nxc3 51. Kxc3 Rg3 52. Bd1 Rxe3+ 53.
Kd4 Re1 54. Bf3 Rf1 55. Ke3 Ke5 56. Bg2 Re1+ 57. Kf2 Ra1 58. Bb7 Ra2+ 59. Ke3
Ra3+ 60. Kf2 Rc3 61. Bf3 Kf4 62. Bd1 Rd3 63. Be2 Rd2 64. Kf1 Ke3 65. Bc4 Kf3 66.
Ke1 Rb2 67. Be6 Re2+ 0-1

[Event "Druzynowe Mistrzostwa Polski - II liga"]
[Site "Sypniewo k. Jastrowia"]
[Date "1899-12-30"]
[Round "7.71"]
[White "Podgorski, Maciej"]
[Black "Przybylski, Bartosz"]
[Result "1-0"]
[WhiteTitle "I++"]
[BlackTitle "I"]
[WhiteElo "1980"]
[BlackElo "1667"]

1. e4 e5 2. Nf3 Nc6 3. Bc4 Bc5 4. c3 Nf6 5. d3 d6 6. O-O Be6 7. Bb5 a6 8. Ba4 b5
9. Bc2 Bg4 10. Re1 O-O 11. Bg5 Qd7 12. Bxf6 gxf6 13. Nbd2 Kh8 14. Nf1 Rg8 15.
Ng3 Rg7 16. a4 Rag8 17. axb5 axb5 18. Ra6 Ne7 19. d4 Bb6 20. Qd3 Ng6 21. Rea1
Nf4 22. Qe3 Bxf3 23. Qxf3 Qc8 24. h3 h5 25. Kh1 h4 26. Nh5 Nxh5 27. Qxh5+ Rh7
28. Qf3 Qd8 29. Ra8 Qxa8 30. Qxf6+ Rhg7 31. Qxh4+ Rh7 32. Qf6+ Rhg7 33. Rxa8 Rxa8
34. Bb3 exd4 35. cxd4 Kg8 36. h4 Rf8 37. h5 Rg4 38. f3 Rg7 39. h6 Rh7 40. g4 b4
41. g5 c5 42. g6 Rxh6+ 43. Kg2 c4 44. Bxc4 d5 45. Bxd5 1-0

[Event "Druzynowe Mistrzostwa Polski - II liga"]
[Site "Sypniewo k. Jastrowia"]
[Date "1899-12-30"]
[Round "7.72"]
[White "Paprocka, Renata"]
[Black "Rudnik, Anna"]
[Result "1-0"]
[WhiteTitle "WFM"]
[BlackTitle "I++"]
[WhiteElo "1914"]
[BlackElo "1869"]

1. d4 Nf6 2. Nf3 e6 3. c4 Bb4+ 4. Bd2 Qe7 5. g3 Nc6 6. Nc3 Bxc3 7. Bxc3 Ne4 8.
Rc1 Nxc3 9. Rxc3 d6 10. d5 Nb8 11. Bg2 e5 12. e4 O-O 13. O-O f5 14. Nd2 f4 15.
b4 a5 16. a3 b6 17. Qc2 axb4 18. axb4 Qe8 19. c5 bxc5 20. bxc5 Na6 21. c6 Qh5
22. Rb1 Nc5 23. Nb3 Na4 24. Rd3 Ba6 25. Rf3 g5 26. h3 Qg6 27. Ra1 Nb6 28. Rc3
h5 29. Nd2 Be2 30. Rca3 g4 31. Rxa8 Rxa8 32. Rxa8+ Nxa8 33. h4 Qe8 34. Bf1 Bxf1
35. Nxf1 Nb6 36. Qa2 Kg7 37. Qd2 Qf7 38. Qc1 Kg6 39. Qa3 Nc4 40. Qa7 Kh7 41. Qb8
Nb6 42. Qd8 Kg7 43. Nd2 Kh7 44. Qg5 fxg3 45. fxg3 Kh8 46. Nf1 Nc4 47. Qc1 Nb6
48. Qh6+ Qh7 49. Qg5 Qf7 50. Ne3 Kh7 51. Nf5 Na4 52. Qd8 Nc3 53. Qd7 Kg6 54. Qxf7+
Kxf7 55. Nxd6+ Ke7 56. Nf5+ Kd8 57. Ng7 Nxe4 58. Nxh5 Ke7 59. Ng7 Nxg3 60. h5
Ne2+ 61. Kf2 Nf4 62. Nf5+ Ke8 63. Ng7+ Ke7 64. h6 Kd6 65. Nf5+ Kxd5 66. h7 Ng6
67. Ne7+ Nxe7 68. h8=Q Nxc6 69. Qg8+ Kc5 70. Qc8 Kd6 71. Qxg4 Nd4 72. Ke3 Ne6
73. Qd1+ Nd4 74. Ke4 Ke6 75. Qa4 c6 76. Qa7 Kf6 77. Qc7 1-0

[Event "Druzynowe Mistrzostwa Polski - II liga"]
[Site "Sypniewo k. Jastrowia"]
[Date "1899-12-30"]
[Round "7.73"]
[White "Golenia, Jan"]
[Black "Luczak, Filip"]
[Result "1/2-1/2"]
[WhiteTitle "I++"]
[BlackTitle "FM"]
[WhiteElo "2122"]
[BlackElo "2278"]

1. c4 Nf6 2. Nf3 e6 3. g3 d5 4. d4 dxc4 5. Qa4+ Nbd7 6. Bg2 a6 7. Qxc4 b5 8. Qc2
Bb7 9. O-O c5 10. Be3 Rc8 11. dxc5 Bxc5 12. Bxc5 Rxc5 13. Qb3 O-O 14. Nc3 Qa8
15. a4 bxa4 16. Rxa4 Rfc8 17. Rd4 Nd5 18. Nxd5 Bxd5 19. Qa3 Nb6 20. Rh4 h6 21.
Rg4 Rc4 22. Rxc4 Nxc4 23. Qc3 Qb7 24. Rc1 Nd6 25. Qd2 Rb8 26. Ne5 Qxb2 27. Qxb2
Rxb2 28. Bxd5 exd5 29. Rc6 Rxe2 30. Nd7 Ne8 31. Rxa6 Re7 32. Ra7 Kh8 33. Kf1 g6
34. Ra8 Rxd7 35. Rxe8+ Kg7 36. Ke2 Kf6 37. Kd3 Ra7 38. Re2 Ra4 39. h3 h5 40. h4
Rb4 41. Ra2 Ke5 42. Ra3 f6 43. Ra8 Rb3+ 44. Ke2 Rb2+ 45. Kf3 Rb6 46. Rg8 Kf5 47.
Rd8 Rb3+ 48. Ke2 Rb5 49. Ke3 Ra5 50. Kf3 g5 51. hxg5 fxg5 52. Rf8+ Ke5 53. Rh8
Ra3+ 54. Ke2 Ra2+ 55. Kf3 g4+ 56. Ke3 Ra3+ 57. Ke2 Ra2+ 58. Ke3 d4+ 59. Kd3 Ra3+
60. Ke2 Ra2+ 61. Kd3 Ra3+ 62. Ke2 Ke4 63. Re8+ Kd5 64. Rh8 Ke4 65. Re8+ Kf5 66.
Rh8 Kg6 67. Rg8+ Kf6 68. Rh8 Ra5 69. Kd3 Kg7 70. Rb8 Rf5 71. Rb2 h4 72. gxh4 Rf4
73. Rb5 Kh6 74. Rg5 Rxf2 75. Rxg4 Kh5 1/2-1/2

[Event "Druzynowe Mistrzostwa Polski - II liga"]
[Site "Sypniewo k. Jastrowia"]
[Date "1899-12-30"]
[Round "7.74"]
[White "Grzesik, Gracjan"]
[Black "Golenia, Wojciech"]
[Result "0-1"]
[WhiteTitle "k"]
[BlackTitle "k"]
[WhiteElo "2149"]
[BlackElo "2049"]

1. c4 e5 2. Nc3 Nc6 3. Nf3 Nf6 4. g3 Bc5 5. Bg2 d6 6. O-O a6 7. e3 O-O 8. h3 Ba7
9. d3 Re8 10. Rb1 d5 11. cxd5 Nxd5 12. a3 Nde7 13. Qc2 Bf5 14. Rd1 Qd7 15. g4
Bg6 16. Nh4 Rad8 17. Nxg6 Nxg6 18. b4 f5 19. gxf5 Qxf5 20. Ne4 Nh4 21. Ng3 Qf6
22. Bb2 Kh8 23. Qe2 Ne7 24. Rbc1 c6 25. Rc4 Neg6 26. Be4 Qe6 27. Qg4 Qf6 28. Rf1
Rf8 29. Kh2 Rf7 30. Nh5 Qe7 31. Ng3 Rdf8 32. Rc2 Bxe3 33. fxe3 Rxf1 34. Nxf1 Rxf1
35. Qg3 Qf6 36. d4 Nf3+ 37. Bxf3 Rxf3 38. dxe5 Qf5 39. e4 Qxe4 40. Rd2 h6 41.
Qg4 Nf4 42. Rg2 Rxh3+ 43. Qxh3 Nxh3 44. Kxh3 g5 45. Kh2 Kg8 46. Kg1 g4 47. Kh2
h5 48. Kg1 h4 49. Kh2 Kh7 50. Bc3 Qf4+ 51. Kg1 Qc1+ 0-1

[Event "Druzynowe Mistrzostwa Polski - II liga"]
[Site "Sypniewo k. Jastrowia"]
[Date "1899-12-30"]
[Round "7.75"]
[White "Krawczyk, Wojciech"]
[Black "Majewski, Krzysztof"]
[Result "1/2-1/2"]
[WhiteTitle "I++"]
[BlackTitle "I+"]
[WhiteElo "2049"]
[BlackElo "1999"]

1. d4 d5 2. c4 c6 3. Nf3 Nf6 4. e3 a6 5. Qb3 e6 6. a4 Nbd7 7. Nc3 Qb6 8. Qxb6 Nxb6
9. Ne5 Nfd7 10. Nxd7 Nxd7 11. Bd3 Bb4 12. O-O O-O 13. e4 Nf6 14. exd5 exd5 15.
c5 Ba5 16. Bf4 Bg4 17. Rab1 Rac8 18. h3 Be6 19. b4 Bc7 20. Bxc7 Rxc7 21. f4 g6
22. Rbe1 Re8 23. Re5 Bc8 24. g4 Rce7 25. Rfe1 Kf8 26. Kf2 Nd7 27. Rxe7 Rxe7 28.
Rxe7 Kxe7 29. b5 axb5 30. axb5 Nf8 31. Ke3 h5 32. Be2 Kf6 33. g5+ Ke7 34. h4 Ne6
35. Bd3 Ng7 36. Ne2 Bf5 37. bxc6 bxc6 38. Ba6 Kd8 39. Ng3 Kc7 40. Bf1 Kd7 1/2-1/2

[Event "Druzynowe Mistrzostwa Polski - II liga"]
[Site "Sypniewo k. Jastrowia"]
[Date "1899-12-30"]
[Round "7.76"]
[White "Sokolowski, Ryszard"]
[Black "Gawor, Jan Pawel"]
[Result "1-0"]
[WhiteTitle "k"]
[BlackTitle "I+"]
[WhiteElo "2031"]
[BlackElo "1890"]

1. d4 d5 2. c4 e6 3. Nc3 c5 4. cxd5 exd5 5. Nf3 Nc6 6. dxc5 d4 7. Na4 Bxc5 8. Nxc5
Qa5+ 9. Bd2 Qxc5 10. Rc1 Qb6 11. e3 dxe3 12. Bxe3 Qxb2 13. Bc4 Qb4+ 14. Kf1 Be6
15. Bxe6 fxe6 16. Ng5 Qb5+ 17. Kg1 Qd5 18. Qh5+ g6 19. Qe2 Nge7 20. Rd1 Qf5 21.
g4 Qe5 22. f4 Qf6 23. Ne4 Qg7 24. Nd6+ Kf8 25. Bc5 b6 26. Ba3 Qc3 27. Rd3 Qf6
28. g5 Qg7 29. Bb2 e5 30. fxe5 Nf5 31. Kg2 Qe7 32. h4 Nxd6 33. Rxd6 Rd8 34. Rxc6
Ke8 35. Rf1 Rf8 36. Rxf8+ Kxf8 37. e6 Qb7 38. Qf3+ Kg8 39. Ba3 Rd2+ 40. Kh3 Qb8
41. Qf7+ Kh8 42. Bb2+ Rxb2 43. Qf6+ Kg8 44. Qxb2 Qf8 45. Kg2 Qa8 46. Qc3 a5 47.
Qf3 Kh8 48. Rc7 Qd8 49. Qf6+ 1-0

[Event "Druzynowe Mistrzostwa Polski - II liga"]
[Site "Sypniewo k. Jastrowia"]
[Date "1899-12-30"]
[Round "7.77"]
[White "Wrona, Florian"]
[Black "Gajdzica, Maciej"]
[Result "0-1"]
[WhiteTitle "I+"]
[BlackTitle "I+"]
[WhiteElo "1581"]
[BlackElo "1954"]

1. e4 c5 2. c3 d5 3. exd5 Qxd5 4. d4 Nc6 5. Nf3 Nf6 6. Be2 cxd4 7. cxd4 e6 8. O-O
Be7 9. Nc3 Qd8 10. Be3 O-O 11. Ne5 Nb4 12. Bc4 Qa5 13. a3 Nbd5 14. Nxd5 Nxd5 15.
b4 Qd8 16. Qb3 Bf6 17. Bxd5 Qxd5 18. Qxd5 exd5 19. Rac1 Bd8 20. Nd3 b6 21. Rc3
Ba6 22. a4 Bxd3 23. Rxd3 Be7 24. Rb1 Rfc8 25. Kf1 Rc4 26. Bd2 Rac8 27. Rbb3 Bf6
28. Bc3 Re8 29. f3 h5 30. Kf2 h4 31. Re3 Rec8 32. Rd3 Rxc3 33. Rbxc3 Rxc3 34.
Rxc3 Bxd4+ 35. Re3 f5 36. Ke2 Bxe3 37. Kxe3 0-1

[Event "Druzynowe Mistrzostwa Polski - II liga"]
[Site "Sypniewo k. Jastrowia"]
[Date "1899-12-30"]
[Round "7.78"]
[White "Krzywnicka, Maria"]
[Black "Czarnecka, Lidia"]
[Result "1-0"]
[WhiteTitle "I++"]
[BlackTitle "k"]
[WhiteElo "1885"]
[BlackElo "1889"]

1. e4 c5 2. Nc3 Nc6 3. g3 g6 4. Bg2 Bg7 5. d3 e6 6. Be3 Nd4 7. Qd2 Ne7 8. Nd1 d6
9. c3 Ndc6 10. Bh6 Bxh6 11. Qxh6 Ne5 12. Qd2 c4 13. dxc4 Nxc4 14. Qe2 Qc7 15.
f4 O-O 16. Nf3 Bd7 17. O-O b5 18. b3 Nb6 19. Rc1 Rac8 20. Ne3 a6 21. Kh1 Rfe8
22. Qd2 Red8 23. Ng4 Nc6 24. f5 exf5 25. exf5 Bxf5 26. Nh6+ Kh8 27. Ng5 Ne5 28.
Nxf5 gxf5 29. Rxf5 Rd7 30. Ne4 Re7 31. Nf6 Nbd7 32. Nd5 Qd8 33. Nxe7 Qxe7 34.
Qd4 Qe6 35. Rcf1 Rf8 36. Bd5 Qh6 37. Bc6 Nb8 38. Bd5 Nd7 39. Bxf7 Qg7 40. Bd5
Rd8 41. Qh4 Re8 42. Qg5 Qxg5 43. Rxg5 Rc8 44. Be6 1-0

[Event "Druzynowe Mistrzostwa Polski - II liga"]
[Site "Sypniewo k. Jastrowia"]
[Date "1899-12-30"]
[Round "7.79"]
[White "Gierulski, Kamil"]
[Black "Simon, Marek"]
[Result "1-0"]
[WhiteTitle "k++"]
[BlackTitle "I+"]
[WhiteElo "2270"]
[BlackElo "1849"]

1. e4 c6 2. d4 d5 3. e5 Bf5 4. Nd2 e6 5. Nb3 Nd7 6. Nf3 c5 7. dxc5 Bxc5 8. Nxc5
Nxc5 9. Nd4 Ne7 10. Be3 Nd7 11. f4 Be4 12. Qd2 Nf5 13. Nxf5 Bxf5 14. Be2 Rc8 15.
c3 O-O 16. O-O a6 17. Bd4 Rc6 18. Qe3 Qh4 19. Rae1 b5 20. Ra1 Rb8 21. h3 Be4 22.
Kh2 f5 23. exf6 gxf6 24. Qd2 Kf7 25. Bf3 Nc5 26. Bxc5 Bxf3 27. Bf2 Qh6 28. gxf3
Rg8 29. Rg1 Rcc8 30. Qd4 Rc7 31. Rxg8 Kxg8 32. Bg3 Rg7 33. Qb6 e5 34. Qd8+ Kf7
35. Qxd5+ Kf8 36. Rg1 Rxg3 37. Rxg3 Qxf4 38. Kg2 1-0

[Event "Druzynowe Mistrzostwa Polski - II liga"]
[Site "Sypniewo k. Jastrowia"]
[Date "1899-12-30"]
[Round "7.80"]
[White "Tomczak, Michal"]
[Black "Miasik, Adrian"]
[Result "0-1"]
[WhiteTitle "I++"]
[BlackTitle "I++"]
[WhiteElo "1930"]
[BlackElo "1948"]

1. e4 e5 2. Bc4 Nc6 3. d3 Nf6 4. Nf3 Bc5 5. c3 a6 6. b4 Be7 7. a4 O-O 8. Qb3 d6
9. h3 Bd7 10. Be3 Qc8 11. Nbd2 Be6 12. g4 Bxc4 13. Nxc4 d5 14. exd5 Nxd5 15. Bd2
Qe6 16. O-O-O b5 17. Nb2 a5 18. bxa5 Nxa5 19. Qa2 bxa4 20. Rde1 Nb3+ 21. Kd1 Nd4
22. c4 Nxf3 23. cxd5 Qf6 24. Ref1 Nxd2 25. Kxd2 Qf3 26. Ke1 0-1

[Event "Druzynowe Mistrzostwa Polski - II liga"]
[Site "Sypniewo k. Jastrowia"]
[Date "1899-12-30"]
[Round "7.81"]
[White "Babiarz, Arkadiusz"]
[Black "Janicki, Rafal"]
[Result "0-1"]
[WhiteTitle "I++"]
[BlackTitle "I+"]
[WhiteElo "2000"]
[BlackElo "1819"]

1. e4 c5 2. Nf3 Nc6 3. Bb5 g6 4. O-O Bg7 5. c3 Nf6 6. Re1 O-O 7. d4 cxd4 8. cxd4
d5 9. e5 Ne4 10. Nc3 Nxc3 11. bxc3 Qa5 12. a4 Bg4 13. h3 Qxc3 14. hxg4 Qxa1 15.
Qd2 a6 16. Bxc6 bxc6 17. Qc2 Rab8 18. Bf4 Qb2 19. Qxc6 Qb7 20. Qxb7 Rxb7 21. Rc1
e6 22. g5 Ra8 23. Bd2 Bf8 24. Nh2 Bb4 25. Be3 Ba3 26. Rd1 Rab8 27. Kf1 Rb1 28.
Rxb1 Rxb1+ 29. Ke2 Rb4 0-1

[Event "Druzynowe Mistrzostwa Polski - II liga"]
[Site "Sypniewo k. Jastrowia"]
[Date "1899-12-30"]
[Round "7.82"]
[White "Lisiecki, Robert"]
[Black "Ciasnocha, Michal"]
[Result "1/2-1/2"]
[WhiteTitle "I"]
[BlackTitle "I++"]
[WhiteElo "1775"]
[BlackElo "1893"]

1. e4 e5 2. Nf3 Nf6 3. d4 Nxe4 4. Bd3 d5 5. Nxe5 Be7 6. O-O O-O 7. c4 Nc6 8. Nxc6
bxc6 9. c5 Re8 10. Nd2 Bf6 11. Nf3 Bg4 12. Be3 Qd7 13. Be2 Bf5 14. Nd2 Ng5 1/2-1/2

[Event "Druzynowe Mistrzostwa Polski - II liga"]
[Site "Sypniewo k. Jastrowia"]
[Date "1899-12-30"]
[Round "7.83"]
[White "Wasik, Roman"]
[Black "Kozlowski, Tomasz"]
[Result "0-1"]
[WhiteTitle "I"]
[BlackTitle "I++"]
[WhiteElo "1355"]
[BlackElo "1775"]

1. Nf3 Nf6 2. c4 e6 3. d4 Bb4+ 4. Nc3 c5 5. e3 O-O 6. Bd3 d5 7. Bd2 Nc6 8. a3 Bxc3
9. Bxc3 cxd4 10. exd4 Ne4 11. Bxe4 dxe4 12. Ne5 Qg5 13. Qg4 Qxg4 14. Nxg4 Rd8
15. Rd1 Bd7 16. O-O Ne7 17. b3 Rac8 18. a4 Ng6 19. Ne5 Bc6 20. Nxc6 Rxc6 21. g3
Rcd6 22. Rfe1 f5 23. Kg2 Ne5 24. Re2 Nf3 25. g4 g6 26. h3 Nxd4 27. Red2 e5 28.
b4 Kf7 29. c5 Rd5 30. Bxd4 Rxd4 31. Rxd4 exd4 32. Kg3 Kf6 33. gxf5 Kxf5 34. b5
Ke5 35. a5 Rc8 36. Rc1 Kd5 37. a6 bxa6 38. c6 axb5 39. c7 d3 40. Kf4 Kd4 41. Rc6
b4 42. f3 exf3 43. Kxf3 b3 44. Rd6+ Kc3 45. Ke3 Rxc7 46. Rxd3+ Kc2 47. Kd4 0-1

[Event "Druzynowe Mistrzostwa Polski - II liga"]
[Site "Sypniewo k. Jastrowia"]
[Date "1899-12-30"]
[Round "7.84"]
[White "Stochnialek, Dominika"]
[Black "Polak, Sylwia"]
[Result "1-0"]
[WhiteTitle "I++"]
[BlackTitle "I++"]
[WhiteElo "1706"]
[BlackElo "1481"]

1. e4 c5 2. Nf3 e6 3. c3 d5 4. exd5 Qxd5 5. d4 Nf6 6. Bd3 cxd4 7. cxd4 Nc6 8. Nc3
Qa5 9. O-O Be7 10. a3 Nb4 11. axb4 Qxa1 12. Qb3 e5 13. Be3 Be6 14. Qc2 1-0

[Event "Druzynowe Mistrzostwa Polski - II liga"]
[Site "Sypniewo k. Jastrowia"]
[Date "1899-12-30"]
[Round "7.85"]
[White "Wesolowski, Edgar"]
[Black "Bilczewski, Kacper"]
[Result "0-1"]
[WhiteTitle "I++"]
[BlackTitle "k+"]
[WhiteElo "1951"]
[BlackElo "2112"]

1. a3 e5 2. c4 c6 3. d4 exd4 4. Qxd4 d5 5. e4 Nf6 6. e5 Ne4 7. b4 Be7 8. Nf3 O-O
9. Bd3 Bf5 10. Nbd2 a5 11. c5 axb4 12. axb4 Rxa1 13. Qxa1 b6 14. Bxe4 Bxe4 15.
Qd4 bxc5 16. bxc5 Qa5 17. O-O Bxc5 18. Qb2 Bxf3 19. Nxf3 Na6 20. Qe2 Nc7 21. Nh4
Ne6 22. Qg4 Qb4 23. Qg3 Qe4 24. Kh1 Qe2 25. Kg1 d4 26. Nf5 Qe4 27. Nd6 Bxd6 28.
exd6 Qd5 29. f4 Qxd6 30. f5 Qxg3 31. hxg3 Nc7 32. Ba3 Rd8 33. Rc1 d3 34. Kf2 Nb5
35. Be7 d2 36. Rd1 Nc3 37. Bxd8 Nxd1+ 38. Ke2 Ne3 39. Kxd2 Nxf5 40. g4 Nd4 41.
Kd3 Ne6 42. Be7 f6 43. Ke4 Kf7 44. Ba3 Ng5+ 45. Kf4 Ke6 46. Bf8 g6 47. Ba3 Nf7
48. Bb4 Ne5 49. Bc3 g5+ 50. Ke4 Nxg4 51. g3 c5 52. Be1 f5+ 53. Kd3 Kd5 54. Bd2
h6 0-1

[Event "Druzynowe Mistrzostwa Polski - II liga"]
[Site "Sypniewo k. Jastrowia"]
[Date "1899-12-30"]
[Round "7.86"]
[White "Panek, Bartosz"]
[Black "Mierzynski, Jaroslaw"]
[Result "1-0"]
[WhiteTitle "I++"]
[BlackTitle "I+"]
[WhiteElo "2082"]
[BlackElo "1922"]

1. e4 c5 2. Nf3 d6 3. Bb5+ Bd7 4. c4 g6 5. d4 Bg7 6. O-O cxd4 7. Nxd4 Nc6 8. Be3
Nf6 9. f3 O-O 10. Nc3 Ne5 11. b3 Qa5 12. Rc1 h6 13. h3 Kh7 14. Bxd7 Nfxd7 15.
Nd5 Qd8 16. f4 Nc6 17. f5 Nxd4 18. Bxd4 Ne5 19. Rc2 e6 20. Nf4 Qe7 21. Rcf2 a6
22. Qa1 Rae8 23. fxg6+ fxg6 24. Qc3 Rf7 25. Nxg6 Rxf2 26. Nxe7 Rxf1+ 27. Kxf1
Rxe7 28. c5 Rc7 29. Qa1 Rf7+ 30. Kg1 Bf8 31. Bxe5 dxe5 32. Qxe5 Re7 33. b4 Bg7
34. Qd6 Bf8 35. e5 h5 36. a4 h4 37. Qd4 Kg8 38. Qxh4 a5 39. Qg4+ Kh8 40. Qf3 Kg8
41. b5 Rg7 42. c6 b6 43. Qf6 Bc5+ 44. Kh1 Re7 45. Qxe7 1-0

[Event "Druzynowe Mistrzostwa Polski - II liga"]
[Site "Sypniewo k. Jastrowia"]
[Date "1899-12-30"]
[Round "7.87"]
[White "Kowalewicz, Kacper"]
[Black "Radecki, Adam"]
[Result "0-1"]
[WhiteTitle "I+"]
[BlackTitle "I+"]
[WhiteElo "1831"]
[BlackElo "2028"]

1. Nf3 c5 2. g3 Nc6 3. Bg2 g6 4. O-O Bg7 5. d3 d5 6. Nbd2 e6 7. c3 Nge7 8. Qc2
O-O 9. a3 b6 10. Rb1 Bb7 11. b4 cxb4 12. cxb4 Rc8 13. Qb3 d4 14. Bb2 Nd5 15. Rfc1
Nc3 16. Bxc3 dxc3 17. Ne4 Nd4 18. Nxd4 Bd5 19. Qa4 Bxd4 20. e3 Bg7 21. d4 Bxe4
22. Bxe4 e5 23. dxe5 Qc7 24. Qc2 Qxe5 25. Rd1 Rfd8 26. Rxd8+ Rxd8 27. Bd3 a5 28.
b5 Qd6 29. Bc4 Qxa3 30. Qe4 Qd6 31. Qf3 Qf6 32. Qe4 Rd2 33. Rf1 c2 34. f4 Bf8
35. Bb3 Qc3 0-1

[Event "Druzynowe Mistrzostwa Polski - II liga"]
[Site "Sypniewo k. Jastrowia"]
[Date "1899-12-30"]
[Round "7.88"]
[White "Samborski, Henryk"]
[Black "Wawrzyniak, Pawel"]
[Result "1-0"]
[WhiteTitle "k"]
[BlackTitle "I"]
[WhiteElo "2052"]
[BlackElo "1764"]

1. e4 e6 2. d3 d5 3. Nd2 Nf6 4. g3 Be7 5. Bg2 O-O 6. Ngf3 c5 7. O-O Nc6 8. e5 Nd7
9. Re1 b5 10. Nf1 Bb7 11. h4 Qc7 12. Bf4 Rfc8 13. N1h2 a5 14. Ng4 Qd8 15. h5 h6
16. Rc1 b4 17. c4 Nb6 18. Rc2 Nd4 19. Nxd4 cxd4 20. Qd2 a4 21. b3 Ra7 22. Rec1
axb3 23. axb3 dxc4 24. Bxb7 c3 25. Qe2 Rxb7 26. Bxh6 Ra7 27. Bxg7 Kxg7 28. h6+
Kh8 29. Qe4 Qg8 30. Qxd4 Bc5 31. Qe4 Qg6 32. Qf3 Rd8 33. Nf6 Rxd3 34. Qc6 Rxg3+
35. Kf1 Qd3+ 36. Re2 Qf3 37. Qe8+ 1-0

[Event "Druzynowe Mistrzostwa Polski - II liga"]
[Site "Sypniewo k. Jastrowia"]
[Date "1899-12-30"]
[Round "7.89"]
[White "Rusinski, Mateusz"]
[Black "Lamza, Zenon"]
[Result "1/2-1/2"]
[WhiteTitle "I"]
[BlackTitle "k"]
[WhiteElo "1751"]
[BlackElo "2178"]

1. e4 d6 2. d4 Nf6 3. Bd3 e5 4. Nf3 Bg4 5. d5 Be7 6. c4 O-O 7. Nc3 a5 8. Be3 Na6
9. h3 Bxf3 10. Qxf3 Nd7 11. O-O Bg5 12. b3 g6 13. Nb5 Kh8 14. a3 Bxe3 15. Qxe3
Qh4 16. f4 exf4 17. Rxf4 Qe7 18. Bc2 Qe5 19. Raf1 Kg8 20. Qf2 Qe7 21. Nd4 Ne5
22. Qg3 Kh8 23. h4 h5 24. Bd1 Rg8 25. Qe3 Rg7 26. g3 Rh7 27. R4f2 Nc5 28. Be2
Ncd7 29. Qc3 Kg8 30. Nb5 Nc5 31. Bf3 Nxf3+ 32. Qxf3 Nxe4 33. Nxc7 Rc8 34. Re2
Qxc7 35. Rxe4 Rg7 36. Rfe1 Qc5+ 37. Kg2 Qxa3 38. Re8+ Rxe8 39. Rxe8+ Kh7 40. Re7
Qb2+ 41. Kh3 f5 42. Re6 Qa3 43. Qe3 Qa1 44. Kg2 Kh8 1/2-1/2